| 000 | 00432nam a22001697a 4500 | ||
|---|---|---|---|
| 003 | MACL | ||
| 005 | 20160114161242.0 | ||
| 008 | 160114b xxu||||| |||| 00| 0 eng d | ||
| 040 | _cMACL | ||
| 041 | _aEnglish | ||
| 082 | _a900/BAK | ||
| 100 |
_a Dr.Bakshi,S.R. _932344 |
||
| 245 | _aHistory of The Contemporary World 1942-2000 | ||
| 260 |
_aNew Delhi _b DPS Publishing House _c2010 |
||
| 650 |
_aHistory _932345 |
||
| 942 |
_2ddc _cBK |
||
| 999 |
_c52286 _d52286 |
||